[Event "Bengaluru Namma op 2nd"]
[Site "Bengaluru"]
[Date "2025.04.13"]
[Round "6"]
[White "Vignesh, B2."]
[Black "Nandish, VS."]
[Result "1/2-1/2"]
[WhiteElo "2191"]
[BlackElo "2014"]
[PlyCount "62"]
[EventDate "2025.04.10"]
[EventType "swiss"]
[EventRounds "10"]
[EventCountry "IND"]
[SourceTitle "CB18_2025"]
[SourceDate "2025.04.30"]
[SourceVersion "1"]
[SourceVersionDate "2025.04.30"]
[SourceQuality "1"]

1. e4 e5 2. Nf3 Nc6 3. Bc4 Nf6 4. d3 Be7 5. 0-0 0-0 6. c3 d5 7. exd5 Nxd5 8. Re1 Bg4 9. h3 Bh5 10. Nbd2 Nb6 11. Bb3 Qxd3 12. Nxe5 Bxd1 13. Nxd3 Bxb3 14. Nxb3 Rfd8 15. Ndc5 Rd5 16. Ne4 Nc4 17. Ned2 N6e5 18. Nf1 Nd3 19. Re2 Rad8 20. Be3 Bf6 21. Rb1 a5 22. Nbd2 h6 23. Ng3 Be7 24. Nf3 Bf8 25. Rd1 g6 26. Nd4 Rxd4 27. Bxd4 Nf4 28. Red2 Bc5 29. Kf1 Bxd4 30. Rxd4 Rxd4 31. cxd4 Kf8 1/2-1/2

[Event "Bengaluru Namma op 2nd"]
[Site "Bengaluru"]
[Date "2025.04.12"]
[Round "4"]
[White "Subhayan, Kundu"]
[Black "Nandish, VS."]
[Result "1/2-1/2"]
[WhiteElo "2356"]
[BlackElo "2014"]
[PlyCount "60"]
[EventDate "2025.04.10"]
[EventType "swiss"]
[EventRounds "10"]
[EventCountry "IND"]
[SourceTitle "CB18_2025"]
[SourceDate "2025.04.30"]
[SourceVersion "1"]
[SourceVersionDate "2025.04.30"]
[SourceQuality "1"]

1. e4 e5 2. Nf3 Nc6 3. Bc4 Nf6 4. d3 Be7 5. 0-0 0-0 6. Nc3 d6 7. a4 Bg4 8. h3 Bxf3 9. Qxf3 Nd4 10. Qd1 c6 11. Ba2 Ne6 12. g3 d5 13. Bd2 Qd7 14. exd5 cxd5 15. Re1 Bc5 16. Kg2 Qd6 17. Nb5 Qb6 18. Rxe5 Bxf2 19. Bb3 a6 20. Qf3 Bc5 21. Nc3 Nd4 22. Qd1 Nxb3 23. cxb3 Rae8 24. Bf4 Bd4 25. Re2 Rxe2+ 26. Nxe2 Be3 27. Qc2 Re8 28. Rf1 Qe6 29. Bxe3 Qxe3 30. Rf2 h6 1/2-1/2

[Event "Madurai Athens of the East op-A 4th"]
[Site "Madurai"]
[Date "2024.12.27"]
[Round "5"]
[White "Md, Imran"]
[Black "Nandish, VS."]
[Result "1-0"]
[WhiteElo "2430"]
[BlackElo "2216"]
[PlyCount "63"]
[EventDate "2024.12.24"]
[EventType "swiss"]
[EventRounds "10"]
[EventCountry "IND"]
[SourceTitle "CB02_2025"]
[SourceDate "2025.01.08"]
[SourceVersion "1"]
[SourceVersionDate "2025.01.08"]
[SourceQuality "1"]

1. d4 Nf6 2. Bg5 Ne4 3. Bf4 d5 4. e3 e6 5. Nd2 Bd6 6. Bd3 Bxf4 7. exf4 Nd6 8. Ngf3 Qf6 9. g3 Nc6 10. c3 h5 11. Qe2 Ne7 12. Ne5 Nef5 13. 0-0-0 Bd7 14. h3 0-0-0 15. Ndf3 Be8 16. Kb1 Nh6 17. Ka1 Kb8 18. b3 Rg8 19. c4 dxc4 20. bxc4 Qe7 21. c5 Nc8 22. Rb1 f6 23. Be4 c6 24. Nxc6+ Bxc6 25. Bxc6 b6 26. Qa6 Qc7 27. cxb6 Nxb6 28. Rxb6+ Qxb6 29. Rb1 Kc7 30. Rxb6 axb6 31. Qb7+ Kd6 32. Ne5 1-0

[Event "Tamil Nadu IM 22nd"]
[Site "Chennai"]
[Date "2024.08.04"]
[Round "9"]
[White "Nandish, VS."]
[Black "Slizhevsky, Alexander"]
[Result "0-1"]
[WhiteElo "2185"]
[BlackElo "2384"]
[PlyCount "88"]
[EventDate "2024.07.29"]
[EventType "tourn"]
[EventRounds "9"]
[EventCountry "IND"]
[EventCategory "2"]
[SourceTitle "CBM 221 Extra"]
[Source "ChessBase"]
[SourceDate "2024.09.30"]
[SourceVersion "1"]
[SourceVersionDate "2024.09.30"]
[SourceQuality "1"]

1. c4 Nf6 2. g3 g6 3. Bg2 d5 4. cxd5 Nxd5 5. Nc3 Nb6 6. d3 Bg7 7. Be3 0-0 8. Qd2 Nc6 9. Bxc6 bxc6 10. Bh6 e5 11. h4 Bxh6 12. Qxh6 f6 13. f4 exf4 14. gxf4 Bg4 15. Nh3 Nd5 16. h5 gxh5 17. Nf2 Qe7 18. Nxg4 hxg4 19. Nxd5 cxd5 20. Qh4 Qd7 21. 0-0-0 Rf7 22. Kb1 Qf5 23. Qg3 Qe6 24. Rh6 Qxe2 25. Re1 Qf3 26. Qxf3 gxf3 27. Rf1 Re8 28. Rxf3 Re2 29. Rg3+ Rg7 30. Rxg7+ Kxg7 31. Rh1 Rf2 32. Rc1 h5 33. Rxc7+ Kg6 34. Rxa7 h4 35. f5+ Rxf5 36. Ra8 h3 37. Rg8+ Kh5 38. a4 Kh4 39. a5 h2 40. a6 h1Q+ 41. Kc2 Rf2+ 42. Kc3 Qc1+ 43. Kb3 Rxb2+ 44. Ka3 Qa1# 0-1

[Event "IND-ch U17 34th"]
[Site "Chandigarh"]
[Date "2024.07.21"]
[Round "9"]
[White "Nandish, VS."]
[Black "Rohith, S2."]
[Result "1-0"]
[WhiteElo "2185"]
[BlackElo "1995"]
[PlyCount "93"]
[EventDate "2024.07.15"]
[EventType "swiss"]
[EventRounds "11"]
[EventCountry "IND"]
[SourceTitle "CBM 221 Extra"]
[Source "ChessBase"]
[SourceDate "2024.09.30"]
[SourceVersion "1"]
[SourceVersionDate "2024.09.30"]
[SourceQuality "1"]

1. c4 Nf6 2. Nc3 g6 3. g3 Bg7 4. Bg2 0-0 5. e4 d6 6. Nge2 c5 7. 0-0 Nc6 8. d3 Rb8 9. h3 a6 10. a4 Bd7 11. Be3 Ne8 12. d4 cxd4 13. Nxd4 Nxd4 14. Bxd4 a5 15. Nd5 Bxd4 16. Qxd4 Nc7 17. f4 Bc6 18. f5 Bxd5 19. exd5 Ne8 20. Rae1 Nf6 21. Qe3 Re8 22. Kh2 Nd7 23. Qf4 Rf8 24. Qh6 Kh8 25. Re4 Rg8 26. g4 Nf6 27. Re2 g5 28. Rfe1 Rg7 29. Rxe7 Ng8 30. Re8 Qxe8 31. Rxe8 Rxe8 32. Qxd6 f6 33. Qb6 Re2 34. d6 h5 35. Kg3 hxg4 36. hxg4 Rc2 37. Bd5 Kh7 38. Be6 Rd2 39. Kf3 Kh8 40. Ke3 Rh2 41. d7 Rgh7 42. d8Q R7h3+ 43. Kd4 Rd2+ 44. Kc5 Rxd8 45. Qxd8 Kg7 46. Qxg8+ Kh6 47. Qh8# 1-0

[Event "Wch U20 61st"]
[Site "Gandhinagar"]
[Date "2024.06.13"]
[Round "11"]
[White "Nandish, VS."]
[Black "Sanket, Chakravarty"]
[Result "0-1"]
[WhiteElo "1981"]
[BlackElo "2357"]
[PlyCount "116"]
[EventDate "2024.06.02"]
[EventType "swiss"]
[EventRounds "11"]
[EventCountry "IND"]
[SourceTitle "CBM 220 Extra"]
[Source "ChessBase"]
[SourceDate "2024.07.31"]
[SourceVersion "1"]
[SourceVersionDate "2024.07.31"]
[SourceQuality "1"]

1. d4 Nf6 2. c4 e6 3. Nc3 Bb4 4. e3 0-0 5. Nge2 c6 6. a3 Ba5 7. Ng3 d5 8. Qc2 Nbd7 9. Bd3 dxc4 10. Bxc4 e5 11. 0-0 exd4 12. exd4 Nb6 13. Ba2 Nbd5 14. Bg5 h6 15. Bxf6 Nxf6 16. Rad1 Bxc3 17. Qxc3 Nd5 18. Qc2 Be6 19. Bb1 g6 20. Qd2 Kg7 21. Rde1 Re8 22. f4 Bd7 23. Ba2 Rxe1 24. Rxe1 Qf6 25. Bxd5 cxd5 26. Re5 Qc6 27. h3 Rc8 28. Kh2 Qc1 29. Re2 Bb5 30. Rf2 Qxd2 31. Rxd2 Re8 32. Nh1 h5 33. g3 Bc4 34. Nf2 Re3 35. Kg2 b5 36. Nd1 Rb3 37. h4 Kf6 38. Nf2 Kf5 39. Kh2 a5 40. Kg2 b4 41. axb4 axb4 42. Kh2 Re3 43. Kg2 Be2 44. Kh2 b3 45. Kh3 Bg4+ 46. Kh2 Bf3 47. Rd3 Rxd3 48. Nxd3 Ke4 49. Ne5 f6 50. Nxg6 Kxd4 51. Kg1 Ke3 52. Ne7 Be4 53. g4 d4 54. g5 d3 55. gxf6 d2 56. f7 d1Q+ 57. Kh2 Qh1+ 58. Kg3 Qg2# 0-1

[Event "Wch U20 61st"]
[Site "Gandhinagar"]
[Date "2024.06.11"]
[Round "9"]
[White "Nandish, VS."]
[Black "Dudin, Gleb"]
[Result "0-1"]
[WhiteElo "1981"]
[BlackElo "2532"]
[PlyCount "112"]
[EventDate "2024.06.02"]
[EventType "swiss"]
[EventRounds "11"]
[EventCountry "IND"]
[SourceTitle "CBM 220 Extra"]
[Source "ChessBase"]
[SourceDate "2024.07.31"]
[SourceVersion "1"]
[SourceVersionDate "2024.07.31"]
[SourceQuality "1"]

1. d4 Nf6 2. c4 e6 3. Nc3 Bb4 4. e3 0-0 5. Nge2 Re8 6. a3 Bf8 7. d5 a5 8. g3 exd5 9. cxd5 Na6 10. Bg2 Nc5 11. b3 d6 12. 0-0 g6 13. f3 c6 14. Rb1 a4 15. b4 Nb3 16. e4 cxd5 17. Bg5 Be7 18. Bxf6 Bxf6 19. Nxd5 Be6 20. Nef4 Rc8 21. Kh1 Be5 22. Bh3 b5 23. Qd3 Rc4 24. Rbd1 Bxd5 25. Nxd5 Bb2 26. Ne3 Rc3 27. Qe2 Rxe3 28. Qxe3 Bxa3 29. Qc3 Re7 30. Qc6 Bxb4 31. Qxb5 Qa5 32. Bd7 Qxb5 33. Bxb5 Ra7 34. Rf2 a3 35. Bc4 Bc5 36. Ra2 Nd4 37. Rd3 Kg7 38. Bd5 h5 39. Kg2 Nb5 40. Rb3 Nd4 41. Rb1 Rc7 42. Rc1 Ra7 43. Rb1 f5 44. Rb8 Re7 45. h3 fxe4 46. fxe4 Ne6 47. Ra1 Nc7 48. Bc6 Na6 49. Rb7 Rxb7 50. Bxb7 Nc7 51. Bc6 Kf6 52. g4 h4 53. Kf3 g5 54. Bd7 Ke5 55. Rd1 Bd4 56. Rd2 Bb2 0-1

[Event "Wch U20 61st"]
[Site "Gandhinagar"]
[Date "2024.06.05"]
[Round "4"]
[White "Apoorv, Kamble"]
[Black "Nandish, VS."]
[Result "0-1"]
[WhiteElo "2369"]
[BlackElo "1981"]
[PlyCount "66"]
[EventDate "2024.06.02"]
[EventType "swiss"]
[EventRounds "11"]
[EventCountry "IND"]
[SourceTitle "CBM 220 Extra"]
[Source "ChessBase"]
[SourceDate "2024.07.31"]
[SourceVersion "1"]
[SourceVersionDate "2024.07.31"]
[SourceQuality "1"]

1. e4 c5 2. Nf3 g6 3. d4 cxd4 4. Nxd4 Nf6 5. Nc3 Nc6 6. Be3 Bg7 7. f3 0-0 8. Bc4 Qb6 9. Bb3 Nxe4 10. Nd5 Qa5+ 11. c3 Nc5 12. Nxc6 dxc6 13. Nxe7+ Kh8 14. Nxc8 Raxc8 15. 0-0 Rcd8 16. Qc2 Rfe8 17. Rfe1 Nd3 18. Bf2 Nxe1 19. Rxe1 Rxe1+ 20. Bxe1 Qe5 21. Bf2 Qf4 22. Qe2 Qc1+ 23. Be1 Kg8 24. Qe7 Rf8 25. Qe2 Bf6 26. g3 Kg7 27. Kg2 Rd8 28. f4 Rd7 29. Bf2 Re7 30. Qc4 Qxb2 31. g4 Bh4 32. Qd4+ f6 33. g5 Qxf2+ 0-1

[Event "Wch U20 61st"]
[Site "Gandhinagar"]
[Date "2024.06.04"]
[Round "3"]
[White "Nandish, VS."]
[Black "Pozzari, Simone"]
[Result "1-0"]
[WhiteElo "1981"]
[BlackElo "2276"]
[PlyCount "89"]
[EventDate "2024.06.02"]
[EventType "swiss"]
[EventRounds "11"]
[EventCountry "IND"]
[SourceTitle "CBM 220 Extra"]
[Source "ChessBase"]
[SourceDate "2024.07.31"]
[SourceVersion "1"]
[SourceVersionDate "2024.07.31"]
[SourceQuality "1"]

1. d4 d5 2. c4 e6 3. Nc3 Nf6 4. cxd5 exd5 5. Bg5 c6 6. Qc2 Be7 7. e3 h6 8. Bh4 0-0 9. Bd3 Re8 10. Nge2 a5 11. 0-0 Na6 12. a3 Nc7 13. f3 c5 14. b3 Be6 15. dxc5 Bxc5 16. Bf2 Rc8 17. Qb2 Bd7 18. Nd4 Ne6 19. Nce2 Bd6 20. Nf5 Bb8 21. Bh4 Nc5 22. Bb1 Be5 23. Ned4 Qb6 24. f4 Bc7 25. Rf3 Bd8 26. Rg3 Nh5 27. Bxd8 Rcxd8 28. Rh3 Nxf4 29. Rg3 Nh5 30. Rh3 Bxf5 31. Bxf5 Nf6 32. Rf1 Nce4 33. Bxe4 Nxe4 34. Nf5 Qg6 35. Rhf3 Rc8 36. Qd4 Rc2 37. Nh4 Qg5 38. Rf4 Nc3 39. Kh1 Ne2 40. Qa4 Rf8 41. Rxf7 Rcc8 42. Qd7 Rfd8 43. Qe6 Rc6 44. Rf8+ Kh7 45. Qg8# 1-0

[Event "Wch U20 61st"]
[Site "Gandhinagar"]
[Date "2024.06.03"]
[Round "2"]
[White "Wafa, Hamed"]
[Black "Nandish, VS."]
[Result "1-0"]
[WhiteElo "2396"]
[BlackElo "1981"]
[PlyCount "85"]
[EventDate "2024.06.02"]
[EventType "swiss"]
[EventRounds "11"]
[EventCountry "IND"]
[SourceTitle "CBM 220 Extra"]
[Source "ChessBase"]
[SourceDate "2024.07.31"]
[SourceVersion "1"]
[SourceVersionDate "2024.07.31"]
[SourceQuality "1"]

1. e4 c5 2. Nf3 g6 3. c3 d5 4. e5 Bg4 5. Bb5+ Nd7 6. d4 e6 7. 0-0 a6 8. Be2 Bxf3 9. Bxf3 cxd4 10. cxd4 Ne7 11. g4 Nc6 12. Nc3 h5 13. gxh5 Qh4 14. Ne2 Bh6 15. Bxh6 Rxh6 16. Qd2 g5 17. h3 Qxh3 18. Ng3 Qh4 19. Rad1 0-0-0 20. Kg2 Qf4 21. Qe3 Rg8 22. Qc3 f6 23. exf6 Rxf6 24. Be2 Ndb8 25. b4 Qd6 26. Rc1 Kd8 27. Rb1 Rgf8 28. b5 axb5 29. Rxb5 R8f7 30. Rbb1 Qf4 31. Rbd1 Qd6 32. Qe3 Rf4 33. h6 Qf8 34. Qxe6 Rxf2+ 35. Kg1 Nd7 36. Qxd5 g4 37. Rxf2 Rxf2 38. Bxg4 Ncb8 39. h7 Rf4 40. Qg5+ Rf6 41. Ne4 Qh6 42. Rf1 Qxg5 43. h8Q+ 1-0

[Event "Wch U20 61st"]
[Site "Gandhinagar"]
[Date "2024.06.02"]
[Round "1"]
[White "Nandish, VS."]
[Black "Strybuk, Artsiom I"]
[Result "1-0"]
[WhiteElo "1981"]
[BlackElo "2422"]
[PlyCount "125"]
[EventDate "2024.06.02"]
[EventType "swiss"]
[EventRounds "11"]
[EventCountry "IND"]
[SourceTitle "CBM 220 Extra"]
[Source "ChessBase"]
[SourceDate "2024.07.31"]
[SourceVersion "1"]
[SourceVersionDate "2024.07.31"]
[SourceQuality "1"]

1. d4 Nf6 2. c4 g6 3. Nc3 d5 4. Nf3 Bg7 5. Qb3 dxc4 6. Qxc4 0-0 7. e4 Nc6 8. Be2 e5 9. d5 Nd4 10. Nxd4 exd4 11. Qxd4 c6 12. Qd1 cxd5 13. exd5 b5 14. Nxb5 Nxd5 15. 0-0 Bb7 16. Bf3 Qb6 17. Qb3 Rad8 18. Bg5 Rc8 19. Nd6 Qxd6 20. Qxb7 Nc7 21. Rac1 Be5 22. Rfd1 Qb6 23. Qxb6 axb6 24. Be7 Rfe8 25. Bd6 Bxd6 26. Rxd6 Nb5 27. Rxc8 Rxc8 28. Rd2 Rc1+ 29. Bd1 Kf8 30. g3 Ke7 31. Kg2 Nd6 32. Bf3 Nc4 33. Re2+ Kd6 34. b3 Ne5 35. Rd2+ Ke7 36. Bd5 h5 37. b4 Rc3 38. a4 Nd3 39. Re2+ Kd6 40. Bxf7 Ne5 41. Be8 Rb3 42. a5 bxa5 43. bxa5 g5 44. Bxh5 Ra3 45. Rd2+ Ke6 46. Bd1 Rxa5 47. Bb3+ Ke7 48. Rd5 Rxd5 49. Bxd5 Kf6 50. f3 Kf5 51. Be4+ Kf6 52. g4 Nc4 53. h4 Ne3+ 54. Kf2 Nd1+ 55. Kg3 Nc3 56. hxg5+ Kxg5 57. f4+ Kf6 58. g5+ Kg7 59. Bf3 Nb5 60. Kg4 Nd6 61. Bd5 Kg6 62. f5+ Kg7 63. Kf4 1-0